00791nam a22002177a 450000500170000001000150001702000250003203500140005703700090007108200110008010000400009124500560013125000250018726000440021227000880025630000200034449000120036494200250037699900190040195201530042020241202151049.0 aENG-142752 c35.00a9788172089832 aEN-126284 bDBAD a230.51 aSri Sathya Sai Sadhana Trust974508 aSathya Sai Speaks/cby Sri Sathya Sai Sadhana Trust aRevised and Enlarged aA.PbSri Sathya sai Sadhana Trustc2011 bPrasanthi NilayamaAnantapur Districe515134morders@sssbpt.orgk011-287375l287236 a214p.c22cm(pb) vVol. 18 2ddccENh230.51mSAT c207305d207305 001040708NFICaAVbAVd2024-12-02eDelivery of Books Act Divisiong35.00l0o230.51 SATpEN-126284r2024-12-02 00:00:00t1v35.00w2024-12-02yEN